000 00382nam a2200157Ia 4500
008 221030s9999 xx 000 0 und d
020 _a8177000225
041 _aEnglish
082 _a105.23
_bSin
100 _aB. P. Singh
245 0 _aDigital Electronics
_cby B. P. Singh
260 _bDhanpat Rai Pub
_aNew Delhi
_c2000
300 _a1369
650 _aBE Computer
942 _cBK
999 _c6725
_d6725